Harry Potter Characters - Statistics

General Stats
  • This quiz has been taken 37 times
  • The average score is 19 of 31
Answer Stats
Answer % Correct
Harry Potter
100%
Ron Weasley
97%
Hermione Granger
94%
Fred Weasley
91%
George Weasley
91%
Albus Dumbledore
88%
Ginny Weasley
88%
Molly Weasley
88%
Arthur Weasley
85%
Draco Malfoy
79%
Minerva McGonagall
76%
Neville Longbottom
76%
Severus Snape
76%
Bill Weasley
74%
Charlie Weasley
71%
Lily Potter
68%
Rubeus Hagrid
68%
James Potter
65%
Voldemort
65%
Luna Lovegood
59%
Remus Lupin
59%
Bellatrix Lestrange
50%
Lucius Malfoy
50%
Dobby
44%
Narcissa Malfoy
41%
Alice Longbottom
15%
Frank Longbottom
15%
Newt Scammande
6%
Felicity Granger
0%
James Sirius Potter
0%
Tonks Lupin
0%
No matching quizzes found
Score Distribution
Percent of People with Each Score
Percentile by Number Answered
Your Score History
You have not taken this quiz